000 00251nam a2200109 4500
082 _a001.6424SHU
100 _aShukla, R.Y
245 _aBasic Programming Lab Work Manual
260 _aIndia:
_bBPB Publications,
_c1995.
300 _a181p. ;
942 _cBK
999 _c8718
_d8718